000 00520nam a2200217Ia 4500
003 OSt
005 20220928142348.0
006 a|||||r|||| 00| 0
007 ta
008 220927b |||||||| |||| 00| 0 eng d
024 _a19279
037 _cTextual
040 _aSDCL
_cSDCL
_beng
041 _2eng
_aeng
082 _aX:89F, N7
100 _aGowda J Made
_9503339
245 0 _aManagement accounting
260 _c1997
942 _hX:89F, N7
_cTEXL
_2CC
999 _c821481
_d821481